00549nam a2200169Ia 4500008004100000082001300041100002300054245006400077250000800141260002800149300001200177500002400189650001500213942000700228952012700235999001700362230524s9999 xx 000 0 und d a612bSOD aRamnik Sood923703 0aMedical Laboratory Technology (Methods and Interpretations) a5TH aNEW DELHIbJaypeec2003 aXII;727 aQuantity Number: 1 aBiomedical cBK 00104070aTATCLbTATCLcGENd2023-05-24l1o612 SODp10768q2015-06-01r2024-02-02s2024-02-02w2023-05-24yBKzBSCM2201 c35246d35246